BIBLIOTHÈQUE DE LA MAISON DU MEXIQUE

Logo 1 Logo 2

Los antiguos mayas (notice nᵒ 11300)

détails MARC
000 -Sello discográfico
campo de control de longitud fija 00987nam a2200325 4500
005 - Identificación de versión
campo de control 20251017062856.0
010 ## - Número Estándar Internacional de Libros (ISBN)
Número (ISBN) 968-16-0891-7
035 ## - Otros números de control del sistema
Número de control del sistema 17431
099 ## - fechas locales
Tipo de ítem Koha LIBRO
100 ## - Datos de procesamiento general
Datos de procesamiento general 20040430d1981 m y1spay5003 ba
105 ## - Campo de datos codificados: Material textual, monográfico
Datos codificados de monografía y 001zy
200 1# - Título y mención de responsabilidad
Título propio Los antiguos mayas
Designación general del material texto impreso
Otra información del título una antología
Primer mención de responsabilidad Alberto Ruz Lhuillier
205 ## - Declaración de edición
Declaración de edición 1a ed
210 ## - Publicación, distribución, etc.
Lugar de publicación, distribución, etc. México
Nombre del editor, distribuidor, etc. Secretaría de Educación Pública
-- Fondo de Cultura Económica
Fecha de publicación, distribución, etc. 1981
215 ## - Descripción física
Designación de material específico y extensión del ítem 252 p
Dimensiones 17 cm
345 ## - Nota de información de adquisición
Fuente de adquisición/dirección de la suscripción [OBSOLETO] Donación
410 #1 - Series
Título Sep/80
Número de volumen 7
606 ## - Término temático usado como materia
Elemento de entrada Mayas
Subdivisión temática Antigüedades
Número Koha 940
607 ## - Nombre geográfico utilizado como tema
Elemento de entrada América Central
Subdivisión temática Antigüedades
Número Koha 2367
607 ## - Nombre geográfico utilizado como tema
Elemento de entrada México
Subdivisión temática Antigüedades
Número Koha 1429
660 ## - Código de área geográfica
Código MX
700 ## - Nombre personal - Responsabilidad primaria
Elemento de entrada Ruz Lhuillier
Parte del nombre distinta del elemento de entrada Alberto
Fechas 1906-1979
Número Koha 2133
801 #0 - Fuente de origen
Agencia cm
900 ## -
-- 1/7326
900 ## -
-- 7100419091\300404
942 ## - ELEMENTOS DE ENTRADA SECUNDARIOS (KOHA)
Tipo de ítem Koha Livre
996 ## -
-- MEX
-- 751145101
-- MMAG
-- 008051
-- 082 S480 V.7
-- 20230615LIV
Exemplaires
Estatus retirado Estado de daño Estado de pérdida Fecha de adquisición Biblioteca de origen Biblioteca actual Ubicación en estantería Código de barras Precio de reemplazo Signatura topográfica completa No para préstamo Tipo de ítem Koha Nota pública Nota no pública
      05/08/2025 Casa México Paris Casa México Paris   008051 05/08/2025 082 S480 V.7   Livre 20230615LIV 751145101